| 000 | 00541nam a22001817a 4500 | ||
|---|---|---|---|
| 003 | koha_MIRAKIL | ||
| 005 | 20250603141457.0 | ||
| 008 | 250603b eng||||| |||| 00| 0 eng d | ||
| 020 | _a9780435995560 | ||
| 040 |
_aTR-IsEVY _btur _cTR-IsEVY |
||
| 082 | _a420 WAR/S | ||
| 100 | _aWarren, Celia | ||
| 245 | 0 |
_aSpace ant / _cCelia Warren ; illustrations Andy Parker. |
|
| 260 |
_aEngland : _bPearson , _c2000. |
||
| 300 |
_a[16 ] p. _bcolour pictures ; _c28 cm. |
||
| 650 |
_aEnglish Educations. _vPicture Books. _vReading. |
||
| 942 |
_2ddc _cBK |
||
| 999 |
_c22391 _d22391 |
||